| 000 | 00549nam a2200205Ia 4500 | ||
|---|---|---|---|
| 003 | GCL | ||
| 008 | 140319s9999 xx 000 0 ara d | ||
| 040 |
_aGCL / _cGCL |
||
| 082 | 0 | 4 |
_a811.009 _bط ج |
| 100 | 1 | _aطه وادى | |
| 245 | 1 | 0 |
_aجماليات القصيدة المعاصرة / _cطه وادى |
| 260 |
_a[S.N] : _bدار المعارف |
||
| 300 | _a279 ص | ||
| 490 | _a | ||
| 650 | 0 | 4 | _aالشعر العربى |
| 650 | 0 | 4 | _aالعصر الحديث |
| 650 | 0 | 4 | _aالشعر |
| 650 | 0 | 4 | _aتاريخ ونقد |
| 942 |
_2ddc _cBK |
||
| 999 |
_c29914 _d29914 |
||